000 00513nam a2200181Ia 4500
008 100920s9999 xx 000 0 und d
082 _b104246
_a891.43 न 03
100 _aसिन्हा कांता.
245 _aकोहरा.
260 _bपंकज बुक्स , दिल्ली.
_c2003
300 _a144
_bसाधी
365 _b150
520 _aहिंदी.
630 _aकोहरा.
650 _aहिंदी.
730 _aकोहरा.
942 _cBOOK
999 _c744678
_d744675